000 00485nam a2200181Ia 4500
008 240925s9999 xx 000 0 und d
020 _aNA
082 _a004 DAL
100 _aDalton, wayne
245 0 _aMCSE Training Guide: windews nt server 4
250 _aNA
260 _aIndia:
_bTechmedia publications
_c,1998.
300 _a507p.
_bNA
_fNA
500 _aIncludes Index
600 _aComputer Science
650 _aComputer science, information & general works
942 _cBK
999 _c4289
_d4289